000 00659nam a22002417a 4500
003 UA-OsUOA
001 26145
007 ta
008 20040513b un ||||| |||| 00| 0 ukr d
100 _aШубравська М.М.
090 _a398:929(477)
_bШ95
942 _cBK
040 _aUA-OsUOA
_bukr
_cUA-OsUOA
_dUA-OsUOA
245 _aД.І. Яворницький. Життя, фольклористично-етнографічна діяльність
300 _a256 с.
955 _a0
041 _aukr
080 _a398:929(477)
260 _aКиїв
_bНаукова думка
_c1972
044 _aUA
650 7 _2UDC
999 _c312458
_d312458